书目信息 |
| 题名: |
每天学点管理学全集
|
|
| 作者: | 王新 编著 | |
| 分册: | ||
| 出版信息: | 北京 石油工业出版社 2009.10 |
|
| 页数: | 281页 | |
| 开本: | 24cm | |
| 丛书名: | ||
| 单 册: | ||
| 中图分类: | C93-49 | |
| 科图分类: | ||
| 主题词: | 管理学--通俗读物 , 管理学 | |
| 电子资源: | ||
| ISBN: | 978-7-5021-7404-0 | |
| 000 | 00929nam0 2200253 450 | |
| 001 | 012004406641 | |
| 005 | 20120626153544.92 | |
| 010 | @a978-7-5021-7404-0@dCNY35.00 | |
| 100 | @a20100224d2009 em y0chiy0110 ea | |
| 101 | 0 | @achi |
| 102 | @aCN@b110000 | |
| 105 | @aa z 000yy | |
| 106 | @ar | |
| 200 | 1 | @a每天学点管理学全集@9mei tian xue dian guan li xue quan ji@dAcquire management everyday collected edition@f王新编著@zeng |
| 210 | @a北京@c石油工业出版社@d2009.10 | |
| 215 | @a281页@c图@d24cm | |
| 330 | @a本书内容包括:自我管理——别让你的权利睡着了、目标管理——与员工一起绘制蓝图、沟通管理——企业的生命线、人才管理——让能者站出来、细节管理——细微之处决定成败等。 | |
| 510 | 1 | @aAcquire management everyday collected edition@zeng |
| 606 | 0 | @a管理学@j通俗读物 |
| 606 | 0 | @a管理学 |
| 690 | @aC93-49@v4 | |
| 701 | 0 | @a王新@9wang xin@4编著 |
| 801 | 0 | @aCN@bNLC@c20100224 |
| 905 | @b541097-101@dC93-49@e444@f5 | |
| 每天学点管理学全集=Acquire management everyday collected edition/王新编著.-北京:石油工业出版社,2009.10 |
| 281页:图;24cm |
| ISBN 978-7-5021-7404-0:CNY35.00 |
| 本书内容包括:自我管理——别让你的权利睡着了、目标管理——与员工一起绘制蓝图、沟通管理——企业的生命线、人才管理——让能者站出来、细节管理——细微之处决定成败等。 |
| ● |
| 相关链接 |
|
|
|
|
正题名:每天学点管理学全集
索取号:C93-49/444
 
预约/预借
| 序号 | 登录号 | 条形码 | 馆藏地/架位号 | 状态 | 备注 |
| 1 | 541097 | 205410973 | 第一样本阅览室/ [索取号:C93-49/444] | 在馆 | |
| 2 | 541098 | 205410982 | 第一借阅区/ [索取号:C93-49/444] | 在馆 | |
| 3 | 541099 | 205410991 | 第一借阅区/ [索取号:C93-49/444] | 在馆 | |
| 4 | 541100 | 205411008 | 第一借阅区/ [索取号:C93-49/444] | 在馆 | |
| 5 | 541101 | 205411017 | 第一借阅区/ [索取号:C93-49/444] | 在馆 |